| 000 | 00970cam a22003137a 4500 | ||
|---|---|---|---|
| 003 | CHAP | ||
| 005 | 20220329133910.0 | ||
| 008 | 971013s1966 mx r 00010 spa d | ||
| 010 | _a12440 | ||
| 011 | _a13412 | ||
| 035 | _a17483 | ||
| 040 | _cCHAP | ||
| 090 | _aFolleto 502 | ||
| 100 | 0 | 0 |
_aGill, Tom. _948014 |
| 245 | 1 | 4 | _aLos bosques tropicales |
| 260 |
_aMéxico, D.F. : _bInstituto Mexicano de Recursos Naturales Renovables, _c1966 |
||
| 300 | _a29 p. | ||
| 490 | 0 |
_aEdiciones del IMRNR _v; 25 |
|
| 590 |
_aBATCH-UPD _b10 _c20130110 _lUCH01 _h1652 |
||
| 590 |
_aBATCH-UPD _b10 _c20130410 _lUCH01 _h1041 |
||
| 590 |
_aBATCH-UPD _b10 _c20130914 _lUCH01 _h0708 |
||
| 590 |
_aCONVERSION _b10 _c20130109 _lUCH01 _h1308 |
||
| 650 | 1 | 4 |
_aBosques _xTrópicos. _914401 |
| 830 | 0 |
_aEdiciones del IMRNR _v; 25 _935355 |
|
| 901 | _aBK | ||
| 942 | _cFOLL | ||
| 949 |
_aFolleto 502 _bBC _cFOLL _d-41244 _eTS1 _i17483 _si |
||
| 949 |
_aFolleto 502 _bBC _cFOLL _d-41245 _eTS2 _fc.2 _i17483 _si |
||
| 999 |
_c12440 _d12440 |
||